000 00402cam a2200157ua 4500
041 _aeng
_h
082 _a511.33
_bKRA/MA
100 _aKraitchik, Maurice .
245 _aMathematical recreations /
_cMaurice Kraitchik.
_hTextual Documents
250 _a2 /
_b.
260 _aLondon :
_bGeorge Allen & Unwin Ltd ,
_c1960.
300 _a330 ; .
504 _a
942 _cBK
999 _c10822
_d10822